000 00710nam a2200217Ii 4500
003 JO-AjNU
008 230605s9999||||xx |||||||||||||| ||und||
017 _a1994/6/638
040 _aJO-AjNU
_bara
_erda
_cJO-AjNU
041 _aara
050 1 4 _aN7433.4.S4 1994
100 3 _aالخالدي , غازي تأليف,
_eauthor
_913669
245 0 0 _aسعيد تحسين عندما يصبح الفن تاريخاً
250 _aط1
264 3 1 _aدمشق: وزارة الثقافة , 1994
300 _a287ص
336 _atext
_btxt
_2rdacontent
337 _aunmediated
_bn
_2rdamedia
338 _avolume
_bnc
_2rdacarrier
650 4 _aتاريخ- فن-أعلام الفن التشكيلي
_913670
999 _aA3463
_c7031
_d7031